| 000 | 00000nam 2200000zi 4500 |
| 001 | 9.947181 |
| 003 | CaOODSP |
| 005 | 20250306112040 |
| 006 | m o d f |
| 007 | cr |n||||||||| |
| 008 | 250121e20241212oncd ob f000 0 eng d |
| 040 | |aCaOODSP|beng|erda|cCaOODSP |
| 043 | |an-cn--- |
| 086 | 1 |aYN5-296/2024E-PDF |
| 100 | 1 |aSegel-Brown, Ben, |eauthor. |
| 245 | 10|aFederal spending on housing affordability in 2024 / |cBen Segel-Brown, Senior Analyst. |
| 264 | 1|aOttawa, Canada : |bOffice of the Parliamentary Budget Officer = Bureau du directeur parlementaire du budget, |cDecember 12, 2024. |
| 264 | 4|c©2024 |
| 300 | |a1 online resource (31 pages) : |bcharts |
| 336 | |atext|btxt|2rdacontent |
| 337 | |acomputer|bc|2rdamedia |
| 338 | |aonline resource|bcr|2rdacarrier |
| 500 | |aIssued also in French under title: Dépenses fédérales axées sur l’abordabilité du logement en 2024. |
| 500 | |a"RP-2425-023-S_e." |
| 504 | |aIncludes bibliographical references (pages 29-31). |
| 650 | 0|aHousing policy|zCanada. |
| 650 | 0|aFederal aid to housing|zCanada. |
| 710 | 1 |aCanada. |bOffice of the Parliamentary Budget Officer, |eissuing body. |
| 775 | 08|tDépenses fédérales axées sur l’abordabilité du logement en 2024 / |w(CaOODSP)9.947215 |
| 856 | 40|qPDF|s4.16 MB|uhttps://publications.gc.ca/collections/collection_2025/dpb-pbo/YN5-296-2024-eng.pdf |